[Event "Pardubice Czech op-C 30th"]
[Site "Pardubice"]
[Date "2019.07.22"]
[Round "4"]
[White "Salminen, Jussi"]
[Black "Simkin, Alexander"]
[Result "1/2-1/2"]
[WhiteElo "1978"]
[BlackElo "1820"]
[PlyCount "51"]
[EventDate "2019.07.20"]
[EventType "swiss"]
[EventRounds "9"]
[EventCountry "CZE"]
[SourceTitle "EXT 2020"]
[Source "ChessBase"]
[SourceDate "2019.10.17"]
[SourceVersion "1"]
[SourceVersionDate "2019.10.17"]
[SourceQuality "1"]

1. e4 c5 2. Nc3 Nc6 3. g3 Nf6 4. Bg2 e6 5. Nge2 d5 6. exd5 exd5 7. d4 Bf5 8. dxc5 Bxc5 9. Nxd5 Ne4 10. Be3 Qa5+ 11. c3 Bxe3 12. Nxe3 Bg6 13. Qd5 Qxd5 14. Nxd5 0-0-0 15. Nef4 Rhe8 16. 0-0 Bf5 17. Ne3 Bd7 18. Rfd1 Nf6 19. Nc4 Kc7 20. Nd6 Re7 21. Nd5+ Nxd5 22. Rxd5 a6 23. Nc4 Be6 24. Rxd8 Nxd8 25. Ne3 Rd7 26. Rd1 1/2-1/2